| 000 | 00519nam a2200193 4500 | ||
|---|---|---|---|
| 003 | OSt | ||
| 005 | 20240621030310.0 | ||
| 006 | a | ||
| 008 | 240621b |||||||| |||| 00| 0 eng d | ||
| 020 | _a9789712727061 | ||
| 040 |
_aDWCL-Main lib. _cOC |
||
| 082 | _aCirc. 512 G982i 2012 | ||
| 100 | _aGustafson,R. David | ||
| 245 | _aIntermediate algebra / | ||
| 260 |
_aMandaluyong City: _bAnvil Pub., Inc. _cc2012. |
||
| 300 |
_aiii, _b410 p. : ill.; _c27 cm. |
||
| 650 | _a1. Algebra I. | ||
| 942 |
_2ddc _n0 _cBK-CIRC _kCirc. |
||
| 999 |
_c1057 _d1057 |
||